Teorie vědy

Gespeichert in:
Bibliographische Detailangaben
Format: Schriftenreihe
Sprache:Tschechisch
Veröffentlicht: Praha Ústav teorie a historie vědy ČSAV 1991
Schlagworte:
Tags: Tag hinzufügen
Keine Tags, Fügen Sie das erste Tag hinzu!

MARC

LEADER 00000nas2a2200000 4500
001 s015344
005 20070202153520.2
022 |a 1210-0250 
041 0 |a cze 
044 |a CZ 
245 1 0 |a Teorie vědy 
264 1 |a Praha  |b Ústav teorie a historie vědy ČSAV  |c 1991 
300 |a 1 zv. 
773 0 |w eu_un_cat*s120246 
610 2 0 |a veda